000
00283nam a22000977a 4500
005
20170628105342.0
008
170628b xxu||||| |||| 00| 0 eng d
245
_a
Media Navchintan
260
_a
Bhopal
_b
Makhanlal Chaturvedi National University of Journalism & Communication
942
_c
JRL
999
_c
5485
_d
5483